|
|
|
|
| LEADER |
01241nam a2200397 4500 |
| 001 |
DLU050048995 |
| 005 |
##20050616 |
| 008 |
##000726s2001 maua b 001 0 eng |
| 010 |
# |
# |
|a 00061621
|
| 020 |
# |
# |
|a 0072320583
|
| 040 |
# |
# |
|a DLC
|c DLC
|d DLC
|
| 042 |
# |
# |
|a pcc
|
| 050 |
# |
# |
|a HF1017
|b .B654 2001
|
| 082 |
# |
# |
|a 519.5
|b BO-B
|
| 100 |
# |
# |
|a Bowerman, Bruce L.
|
| 245 |
# |
# |
|a Business statistics in practice
|b [Đĩa CD-ROM] /
|c Bruce L. Bowerman, Richard T. O'Connell, Michael L. Hand
|
| 250 |
# |
# |
|a 2nd ed.
|
| 260 |
# |
# |
|a Boston :
|b McGraw-Hill/Irwin,
|c 2001
|
| 300 |
# |
# |
|a 1 đĩa CD-ROM 4 3/4 in.
|
| 500 |
# |
# |
|a Rev. ed. of: Applied statistics : improving business processes / Bruce L. Bowerman, Richard T. O'Connell. c1997.
|
| 504 |
# |
# |
|a Includes bibliographical references and index.
|
| 650 |
# |
# |
|a Commercial statistics.
|
| 650 |
# |
# |
|a Statistics.
|
| 700 |
# |
# |
|a Bowerman, Bruce L.
|t Applied statistics.
|
| 700 |
# |
# |
|a Hand, Michael L.
|q (Michael Lawrence),
|d 1953-
|
| 700 |
# |
# |
|a O'Connell, Richard T.
|
| 923 |
# |
# |
|a 18/2005
|
| 992 |
# |
# |
|a 43900
|
| 994 |
# |
# |
|a DLU
|
| 900 |
# |
# |
|a True
|
| 911 |
# |
# |
|a Administrator
|
| 925 |
# |
# |
|a CD
|
| 926 |
# |
# |
|a A
|
| 927 |
# |
# |
|a CD
|
| 980 |
# |
# |
|a Thư viện Trường Đại học Đà Lạt
|